000 00896nam a22003137a 4500
001 BR2014007289
003 BR-BrBNA
005 20230928104538.0
007 ta
008 230509b bl.||||| |||| 00| 0 por d
040 _aBR-BrBNA
_bpor
_cBiblioteca Nacional de Agricultura
041 _a(Por)
072 _aP01; E11
090 _ P01 BR2014007289
100 1 _aFonseca, R.A.
110 1 _aUniversidade Federal de Lavras, MG (Brasil)
_0Tese (Doutorado)
245 1 _aO ICMS ecológico no estado de Minas Gerais
260 3 _aLavras, MG (Brasil):
_c2014.
300 _a233 p.
500 _aSummaries (Eng, Por); Several bibliography; 15 tables
650 _aMEIO AMBIENTE
650 _aICMS
650 _aLEGISLAÇÃO
650 _aPOLÍTICA GOVERNAMENTAL
650 _aPOLÍTICA AMBIENTAL
650 _aMINAS GERAIS
909 _a202309
_bLucia
_c55
_dLucia Elande
942 _cBK
999 _c80503
_d80503